<?xml version="1.0" encoding="UTF-8"?>
<collection xmlns="http://www.loc.gov/MARC21/slim">
 <record>
  <leader>00849pamaa2200229   4500</leader>
  <controlfield tag="001">0000047532</controlfield>
  <controlfield tag="005">20130815090000.0</controlfield>
  <controlfield tag="008">100804                             eng  </controlfield>
  <datafield tag="020" ind1="0" ind2="0">
   <subfield code="a">9781435480674 </subfield>
  </datafield>
  <datafield tag="090" ind1="0" ind2="0">
   <subfield code="a">RT41 </subfield>
   <subfield code="b">DEL 2011</subfield>
  </datafield>
  <datafield tag="100" ind1="1" ind2="0">
   <subfield code="a">DeLaune </subfield>
  </datafield>
  <datafield tag="245" ind1="1" ind2="0">
   <subfield code="a">Fundamentals of nursing : </subfield>
   <subfield code="b">standards and practice  </subfield>
   <subfield code="c">Sue C. DeLaune and Patricia K. Ladner.</subfield>
  </datafield>
  <datafield tag="250" ind1="0" ind2="0">
   <subfield code="a">4th ed..</subfield>
  </datafield>
  <datafield tag="260" ind1="0" ind2="0">
   <subfield code="a">Clifton Park, NY: </subfield>
   <subfield code="b">Thomson Delmar Learning, </subfield>
   <subfield code="c">2011.</subfield>
  </datafield>
  <datafield tag="300" ind1=" " ind2=" ">
   <subfield code="a">xxxviii, 1415 p.: </subfield>
   <subfield code="b">ill. (some col.); </subfield>
   <subfield code="c">29 cm.</subfield>
  </datafield>
  <datafield tag="500" ind1="0" ind2="0">
   <subfield code="a">Includes 1 CD-ROM titled &quot;Fundamentals of nursing : standards and practice / Sue C. DeLaune and Patricia K. Ladner&quot;</subfield>
  </datafield>
  <datafield tag="501" ind1="0" ind2="0">
   <subfield code="a">FMHS</subfield>
  </datafield>
  <datafield tag="504" ind1="0" ind2="0">
   <subfield code="a">Includes bibliographical references and index</subfield>
  </datafield>
  <datafield tag="650" ind1="0" ind2="0">
   <subfield code="a">Nursing Care </subfield>
  </datafield>
  <datafield tag="650" ind1="0" ind2="0">
   <subfield code="a">Nursing Process </subfield>
  </datafield>
  <datafield tag="700" ind1="1" ind2="1">
   <subfield code="a">Ladner, </subfield>
   <subfield code="h">Patricia K. </subfield>
  </datafield>
  <datafield tag="901" ind1=" " ind2=" ">
   <subfield code="u">http://www.thomsonlearning.com</subfield>
  </datafield>
 </record>
</collection>
